00815nam a22001937a 450000500170000000800410001701700410005802000180009904000230011708200220014010000390016224501230020125000090032426000990033330000250043265000560045765000530051365000550056620240530110622.0161226s2014 ua a f b 000 0 ara d a2013/5508bمصر. دار الكتب a9789776413900 aEG-CaGPLcEG-CaGPL04221a726.2\bع م0 aعبدالله كامل موسى .12aالماذن فى العمارة المصرية و العالم الاسلامى /cعبدالله كامل موسى . aط.1 aالاسكندرية :bدار الوفاء لدنيا الطباعة و النشر ،c2014 . a2 مج ؛c24 سم .072qrmakaالمآذن yالعصر الفاطمى .072qrmakaالمآذنyعصر المماليك .072qrmakaالمآذنyالعصر الايوبى .